46 West Grab Bag V - Statistics

General Stats
  • This quiz has been taken 7 times
    5 since last reset
  • The average score is 11 of 20
Answer Stats
Question Answer % Correct
Which country is Giannis Antetokounmpo from? Greece
100%
Which city is the birthplace of The Beatles? Liverpool
80%
_____ has been the only year all four No. 1 seeds made it to the Final Four. 2008
60%
Who is the author of "Game of Thrones"? George R. R. Martin
60%
Which quarterback was known as "Broadway Joe"? Joe Namath
60%
Which player recorded the most fantasy football points during the 2024 NFL season? Lamar Jackson
60%
Who took over the role of Bruce Wayne's love interest Rachel Dawes in The Dark Knight, following Katie Holmes' exit after Batman Begins? Hint: Stephen A was not a fan. Maggie Gyllenhaal
60%
Which movie features the quote: "I don't understand why everybody has to be so judgmental. I understand why mom's judgmental. I think it's 'cause she cares, partially." Surfs Up
60%
Who is Kylie Jenner's new boyfriend? Timothee Chalamet
60%
Which movie features the quote: "Fugayzi, fugazi. It’s a whazy, it’s a woozy, it’s… fairy dust. It doesn’t exist." Wolf of Wall Street
60%
What was the annual pay-per-view event launched by the WWE in 1985? WrestleMania
60%
At which college did Fred Warner play football before joining the NFL? BYU
40%
In which state is Yosemite National Park located? California
40%
What team drafted Vince Carter? Golden State Warriors
40%
Finish the lyric from Free Fallin’ by Tom Petty: "And I'm a bad boy, 'cause I don't even..." miss her
40%
Which Disney film features the song ‘How Far I’ll Go’? Moana
40%
Which movie features the quote: "Did we just become best friends?" Step Brothers
40%
Who owns the Los Angeles Clippers? Steve Ballmer
40%
Who was on the jury for the Scranton Strangler case? Toby
40%
What is the name of Riley's imaginary friend in Inside Out? Hint: He delivered this line: "Take her to the moon for me, okay?" Bing Bong
20%
No matching quizzes found
Score Distribution
Percent of People with Each Score
Percentile by Number Answered
Your Score History
You have not taken this quiz since the last reset